000 00309nam a22001337a 4500
008 171013b xxu||||| |||| 00| 0 eng d
020 _a9780415910576
041 _aeng
080 _a316
100 _a51
101 _aSOC
245 _aTEACHING DIVERSITY AND SOCIAL JUSTICE
_cADAMS.M
942 _2udc
_cBK
999 _c33667
_d33667